Leicester City scorers in Premier League 2016-2017 - Statistics

General Stats
  • This quiz has been taken 87 times
  • The average score is 11 of 16
Answer Stats
Player Goals % Correct
Jamie Vardy 13
100%
Riyad Mahrez 6
96%
Wes Morgan 1
89%
Marc Albrighton 2
88%
Shinji Okazaki 3
85%
Danny Drinkwater 1
82%
Robert Huth 2
80%
Leonardo Ulloa 1
74%
Christian Fuchs 2
73%
Islam Slimani 7
65%
Andy King 1
51%
Demarai Gray 1
49%
Wilfred Ndidi 2
42%
Ahmed Musa 2
35%
Ben Chilwell 1
34%
Daniel Amartey 1
24%
No matching quizzes found
Score Distribution
Percent of People with Each Score
Percentile by Number Answered
Your Score History
You have not taken this quiz